[Event "1st FIDE OWCCCC Pools-East 2021"]
[Site "Online"]
[Date "2021.02.20"]
[Round "5.12"]
[White "Kaushik, S."]
[Black "Vinoth Kumar Kannan"]
[Result "1-0"]
[WhiteElo "2126"]
[BlackElo "1255"]
[Annotator "NA"]
[PlyCount "67"]
[EventDate "2021.02.19"]
[EventType "team-tourn"]
[EventCountry "NET"]
[SourceTitle "playchess.com"]
[Source "ChessBase"]
[SourceQuality "1"]

1. e4 e5 2. Nf3 Nc6 3. Bc4 Bc5 4. c3 Nf6 5. O-O O-O 6. d4 exd4 7. cxd4 Bb6 8. e5 Ne8 9. d5 Ne7 10. Bg5 d6 11. Re1 f6 12. Bh4 Bg4 13. e6 g5 14. Bg3 Ng7 15. h3 Bh5 16. Qb3 Ngf5 17. Bh2 Bxf3 18. Qxf3 Nd4 19. Qd3 Kg7 20. a4 a5 21. Nc3 Qe8 22. Kh1 Qg6 23. Re4 Ndf5 24. f4 g4 25. Ne2 Rg8 26. Bg1 gxh3 27. Qxh3 Kf8 28. Bxb6 cxb6 29. Rg1 h5 30. Bd3 Qg4 31. Rc4 Qxh3+ 32. gxh3 Ne3 33. Rc7 Rxg1+ 34. Kxg1 1-0

[Event "1st FIDE OWCCCC Pools-East 2021"]
[Site "Online"]
[Date "2021.02.20"]
[Round "5.12"]
[White "Vevera, Radek"]
[Black "Vishnyakova, Svetlana"]
[Result "1-0"]
[WhiteElo "2062"]
[BlackElo "1928"]
[Annotator "TA"]
[PlyCount "117"]
[EventDate "2021.02.19"]
[EventType "team-tourn"]
[EventCountry "NET"]
[SourceTitle "playchess.com"]
[Source "ChessBase"]
[SourceQuality "1"]

1. e4 d5 2. exd5 Nf6 3. c4 e6 4. d4 exd5 5. Nc3 c6 6. Nf3 Be7 7. cxd5 Nxd5 8. Bc4 Be6 9. Ne4 Bb4+ 10. Bd2 Qa5 11. O-O Bxd2 12. Nfxd2 O-O 13. Nc5 Bc8 14. Nde4 b6 15. Nb3 Qb4 16. Bxd5 cxd5 17. Nc3 Be6 18. Qf3 Qd6 19. Rac1 a6 20. Qd3 Nd7 21. Nd2 b5 22. Nf3 h6 23. Rfe1 Rac8 24. h3 Nb6 25. b3 Nd7 26. Nb1 Nf6 27. Nbd2 Rfe8 28. Ne5 Nd7 29. Ndf3 Nf6 30. Nd2 Qb6 31. b4 Rxc1 32. Rxc1 Qb7 33. Rc5 g6 34. Qc2 Kg7 35. f3 Rd8 36. Nb3 Re8 37. Na5 Qb8 38. Nac6 Qd6 39. Na5 Nd7 40. Rc6 Qe7 41. Rc7 Qxb4 42. Nac6 Qe1+ 43. Kh2 Nxe5 44. Nxe5 Qe3 45. Qxg6+ Kh8 46. Qf6+ Kg8 47. Rxf7 Qg5 48. Qxg5+ hxg5 49. Ra7 Bc8 50. g4 Rf8 51. Kg3 Re8 52. h4 gxh4+ 53. Kxh4 Rd8 54. Kg5 Rf8 55. f4 Re8 56. f5 Kh8 57. Kh6 Rd8 58. Ng6+ Kg8 59. Rg7# 1-0

[Event "1st FIDE OWCCCC Pools-East 2021"]
[Site "Online"]
[Date "2021.02.20"]
[Round "5.12"]
[White "Meyer, Henri"]
[Black "Andrle, Miroslav"]
[Result "1-0"]
[WhiteElo "2043"]
[BlackElo "1417"]
[Annotator "NA"]
[PlyCount "79"]
[EventDate "2021.02.19"]
[EventType "team-tourn"]
[EventCountry "NET"]
[SourceTitle "playchess.com"]
[Source "ChessBase"]
[SourceQuality "1"]

1. d4 d5 2. c4 e6 3. Nc3 Nf6 4. cxd5 exd5 5. Bg5 Bb4 6. e3 a6 7. Qc2 Bxc3+ 8. bxc3 O-O 9. Bd3 h6 10. Bh4 g5 11. Bg3 Qe7 12. Ne2 Ne4 13. h4 Nd7 14. hxg5 Qxg5 15. Bf4 Qxg2 16. Rg1 Qxg1+ 17. Nxg1 f5 18. Bxh6 Rf6 19. Bf4 c6 20. f3 Nd6 21. Qg2+ Kf7 22. Bxd6 Rxd6 23. Bxf5 Nf6 24. Qg6+ Kf8 25. Qh6+ Ke7 26. Qg7+ Kd8 27. Bxc8 Rxc8 28. Nh3 Ne8 29. Qe5 Rc7 30. O-O-O Re7 31. Qg5 Rde6 32. Re1 Kd7 33. Nf4 Rg7 34. Nxe6 Rxg5 35. Nxg5 b5 36. e4 Kd6 37. e5+ Kc7 38. Rh1 Kb6 39. Rh7 Nc7 40. f4 1-0

[Event "1st FIDE OWCCCC Pools-East 2021"]
[Site "Online"]
[Date "2021.02.20"]
[Round "5.12"]
[White "Babineca, Darja"]
[Black "Vlasova-Deleruelle, Olga"]
[Result "1/2-1/2"]
[WhiteElo "1756"]
[BlackElo "1434"]
[Annotator "NA RC"]
[PlyCount "68"]
[EventDate "2021.02.19"]
[EventType "team-tourn"]
[EventCountry "NET"]
[SourceTitle "playchess.com"]
[Source "ChessBase"]
[SourceQuality "1"]

1. e4 e6 2. d4 d5 3. Nc3 c5 4. Nf3 Nc6 5. Be3 Qb6 6. Qd2 Nf6 7. exd5 Nxd5 8. Nxd5 exd5 9. dxc5 Bxc5 10. Bxc5 Qxc5 11. O-O-O Be6 12. Bd3 O-O-O 13. a3 Rhe8 14. h3 g6 15. Ng5 f6 16. Nxe6 Rxe6 17. Rhe1 Rde8 18. Rxe6 Rxe6 19. Re1 Ne5 20. Be2 f5 21. f4 Nc4 22. Bxc4 Rxe1+ 23. Qxe1 Qxc4 24. Qe8+ Kc7 25. Qe7+ Kc6 26. Qe8+ Kc7 27. Qe5+ Kc6 28. Kd2 Qe4 29. Qf6+ Kb5 30. Qg5 Qd4+ 31. Kc1 Qg1+ 32. Kd2 Qd4+ 33. Kc1 Qg1+ 34. Kd2 Qd4+ 1/2-1/2

[Event "1st FIDE OWCCCC Pools-East 2021"]
[Site "Online"]
[Date "2021.02.20"]
[Round "5.12"]
[White "Darshan J Jain"]
[Black "Stadler, Simon"]
[Result "0-1"]
[WhiteElo "1370"]
[BlackElo "2188"]
[Annotator "NA"]
[PlyCount "88"]
[EventDate "2021.02.19"]
[EventType "team-tourn"]
[EventCountry "NET"]
[SourceTitle "playchess.com"]
[Source "ChessBase"]
[SourceQuality "1"]

1. d4 d5 2. Nf3 Nf6 3. e3 e6 4. Bd3 c5 5. b3 cxd4 6. exd4 Nc6 7. a3 Be7 8. Bb2 O-O 9. Nbd2 a6 10. c4 b6 11. Qc2 Bb7 12. Ne5 dxc4 13. Nxc6 Bxc6 14. bxc4 b5 15. c5 h6 16. Rg1 Qc7 17. O-O-O Nd5 18. Bh7+ Kh8 19. Be4 f5 20. Bxd5 Bxd5 21. Nf3 Bf6 22. Ne5 Bxe5 23. dxe5 Rac8 24. Bd4 Qa5 25. Rd3 b4 26. axb4 Qxb4 27. f4 Rf7 28. g4 Be4 29. Rb3 Qxd4 30. Rd1 Bxc2 31. Rxd4 Bxb3 32. gxf5 Rxf5 33. Rb4 Rxc5+ 34. Kb2 Bd5 35. h4 Rb5 36. Rxb5 axb5 37. Kc3 Rxf4 38. h5 b4+ 39. Kc2 b3+ 40. Kb2 Rf2+ 41. Kb1 Be4+ 42. Ka1 b2+ 43. Ka2 b1=Q+ 44. Ka3 Ra2# 0-1

[Event "1st FIDE OWCCCC Pools-East 2021"]
[Site "Online"]
[Date "2021.02.20"]
[Round "5.13"]
[White "Radzio"]
[Black "Gajendra, Singh"]
[Result "1-0"]
[WhiteElo "2657"]
[BlackElo "1850"]
[Annotator "TA"]
[PlyCount "129"]
[EventDate "2021.02.19"]
[EventType "team-tourn"]
[EventCountry "NET"]
[SourceTitle "playchess.com"]
[Source "ChessBase"]
[SourceQuality "1"]

1. e4 e6 2. d4 d5 3. Nc3 Bb4 4. exd5 exd5 5. Bd3 Nf6 6. Bg5 h6 7. Bh4 O-O 8. Nge2 Bg4 9. f3 Be6 10. a3 Bd6 11. Qd2 a6 12. O-O c5 13. dxc5 Bxc5+ 14. Kh1 Nc6 15. Nf4 d4 16. Bxf6 Qxf6 17. Ne4 Qe7 18. Nxe6 fxe6 19. Bc4 Ba7 20. Rae1 Kh8 21. Nf2 e5 22. Bd5 Rae8 23. Nd3 Bb8 24. Bxc6 bxc6 25. Re4 c5 26. b3 c4 27. bxc4 Qxa3 28. h3 Bd6 29. c5 Bc7 30. Qe2 Qc3 31. f4 a5 32. Rf3 Qc4 33. Nxe5 Qxe2 34. Rxe2 Kg8 35. Re4 a4 36. Ra3 g5 37. Rxd4 Rxf4 38. Rxf4 gxf4 39. Nf3 Re4 40. c3 Kf7 41. Kg1 Rc4 42. Kf1 Kf6 43. Ke2 Ba5 44. Kd3 Rxc5 45. c4 Rc6 46. Rxa4 Rd6+ 47. Ke4 Re6+ 48. Kd5 Bc7 49. c5 Re3 50. Ra7 Bd8 51. Ra6+ Ke7 52. Rxh6 Re2 53. Rg6 Ba5 54. Ne5 Bc3 55. Re6+ Kf8 56. Ng6+ Kg7 57. Rxe2 Kxg6 58. c6 Ba5 59. Kd6 Kg5 60. c7 Bxc7+ 61. Kxc7 Kh4 62. Kd6 Kg3 63. Ke5 f3 64. gxf3 Kxf3 65. Re4 1-0

[Event "1st FIDE OWCCCC Pools-East 2021"]
[Site "Online"]
[Date "2021.02.20"]
[Round "5.13"]
[White "GMAlex"]
[Black "Zawadzki, Stanislaw"]
[Result "1-0"]
[WhiteElo "2518"]
[BlackElo "2435"]
[Annotator "TA"]
[PlyCount "101"]
[EventDate "2021.02.19"]
[EventType "team-tourn"]
[EventCountry "NET"]
[SourceTitle "playchess.com"]
[Source "ChessBase"]
[SourceQuality "1"]

1. e4 c5 2. Nc3 Nc6 3. Nf3 d6 4. d4 cxd4 5. Nxd4 Nf6 6. Bg5 e6 7. Qd3 a6 8. Nxc6 bxc6 9. O-O-O e5 10. f4 Qc7 11. fxe5 dxe5 12. Bxf6 gxf6 13. Qf3 Be6 14. Qxf6 Rg8 15. Be2 Be7 16. Qf1 Rb8 17. Bc4 Bxc4 18. Qxc4 Qb6 19. b3 Rxg2 20. Rhf1 Rg7 21. Kb2 a5 22. Rf5 a4 23. Qxa4 Qc5 24. Rd5 Qa3+ 25. Qxa3 Bxa3+ 26. Kxa3 cxd5 27. Rxe5+ Kf8 28. Rxd5 Rg2 29. Kb2 Rxh2 30. a4 Rh6 31. a5 Re6 32. e5 h5 33. Ne4 h4 34. Nc5 Rbe8 35. Nxe6+ Rxe6 36. b4 h3 37. Rd2 Rxe5 38. Rh2 Rh5 39. a6 Ke7 40. a7 Rh8 41. Rxh3 Ra8 42. Ra3 Kd6 43. Kb3 f5 44. c4 f4 45. Ra2 Ke5 46. b5 Kd4 47. Kb4 f3 48. b6 Rc8 49. b7 Rxc4+ 50. Kb5 Rc5+ 51. Kb6 1-0

[Event "1st FIDE OWCCCC Pools-East 2021"]
[Site "Online"]
[Date "2021.02.20"]
[Round "5.13"]
[White "Steel, Henry Robert"]
[Black "Smid, Miroslav"]
[Result "1-0"]
[WhiteElo "2418"]
[BlackElo "2242"]
[Annotator "TA"]
[PlyCount "123"]
[EventDate "2021.02.19"]
[EventType "team-tourn"]
[EventCountry "NET"]
[SourceTitle "playchess.com"]
[Source "ChessBase"]
[SourceQuality "1"]

1. e4 e5 2. Nf3 Nc6 3. d4 exd4 4. Nxd4 Bb4+ 5. c3 Be7 6. Bc4 Nf6 7. Nxc6 bxc6 8. e5 Nd5 9. Bxd5 cxd5 10. Qxd5 Ba6 11. c4 c6 12. Qe4 O-O 13. O-O d5 14. exd6 Qxd6 15. Nc3 Bf6 16. Bf4 Qc5 17. Be3 Qxc4 18. Qxc4 Bxc4 19. Rfc1 Bxc3 20. Rxc3 Bd5 21. f3 Rab8 22. b3 a6 23. Kf2 f6 24. Rc5 Rb5 25. Rac1 Rfb8 26. Bf4 Rxc5 27. Rxc5 Rb4 28. Bd2 Rb5 29. Rc2 Kf7 30. Ke3 Ke6 31. Kd4 Kd6 32. Bf4+ Kd7 33. Re2 Rb4+ 34. Ke3 a5 35. Bg3 a4 36. Be1 Rb8 37. bxa4 Re8+ 38. Kf2 Rxe2+ 39. Kxe2 Bxa2 40. Bb4 Bc4+ 41. Ke3 g6 42. Kd4 Ba6 43. Kc5 Kc7 44. Bc3 f5 45. Be5+ Kb7 46. Kd6 Bc4 47. Ke7 Kb6 48. Bc3 Bf1 49. g3 Kc5 50. Kf6 Kc4 51. Be1 Kd3 52. a5 Bg2 53. f4 c5 54. Kg7 Ke2 55. Bc3 Kd3 56. Ba1 c4 57. Kxh7 c3 58. Kxg6 c2 59. Bb2 Be4 60. h4 Kc4 61. h5 Kb3 62. Bc1 1-0

[Event "1st FIDE OWCCCC Pools-East 2021"]
[Site "Online"]
[Date "2021.02.20"]
[Round "5.13"]
[White "Seidl, Stepan"]
[Black "Imanovs, Elhans"]
[Result "1-0"]
[WhiteElo "2173"]
[BlackElo "1773"]
[Annotator "NA"]
[PlyCount "75"]
[EventDate "2021.02.19"]
[EventType "team-tourn"]
[EventCountry "NET"]
[SourceTitle "playchess.com"]
[Source "ChessBase"]
[SourceQuality "1"]

1. e4 c5 2. Nf3 e6 3. b3 Nf6 4. e5 Nd5 5. Bb2 Nc6 6. Na3 a6 7. c4 Nf4 8. g3 Ng6 9. h4 Qc7 10. Qe2 Nd4 11. Nxd4 cxd4 12. f4 d6 13. exd6 Qxd6 14. Nc2 e5 15. h5 d3 16. Qxd3 Qc6 17. hxg6 Qxh1 18. gxf7+ Kxf7 19. O-O-O exf4 20. Re1 Qc6 21. gxf4 Be7 22. Nd4 Qd6 23. Bg2 Bf6 24. Bd5+ Kf8 25. f5 Bd7 26. Ne6+ Bxe6 27. Rxe6 Bxb2+ 28. Kxb2 Qd7 29. f6 gxf6 30. Qf5 Kg7 31. Qg4+ Kf8 32. Rxf6+ Ke8 33. Qf4 Kd8 34. Rd6 Ke7 35. Qe5+ Kd8 36. Qxh8+ Kc7 37. Rxd7+ Kxd7 38. Qxa8 1-0

[Event "1st FIDE OWCCCC Pools-East 2021"]
[Site "Online"]
[Date "2021.02.20"]
[Round "5.13"]
[White "Mosin, Dmitry K."]
[Black "Fischer, Andre"]
[Result "1-0"]
[WhiteElo "1776"]
[BlackElo "2279"]
[Annotator "NA"]
[PlyCount "53"]
[EventDate "2021.02.19"]
[EventType "team-tourn"]
[EventCountry "NET"]
[SourceTitle "playchess.com"]
[Source "ChessBase"]
[SourceQuality "1"]

1. d4 Nf6 2. c4 e6 3. Nc3 Bb4 4. Bd2 O-O 5. Qc2 c5 6. a3 Bxc3 7. bxc3 b6 8. e4 Bb7 9. Bd3 Ne8 10. Nf3 Nc6 11. O-O Rc8 12. Rfe1 Na5 13. e5 f5 14. exf6 Nxf6 15. Rac1 Ba6 16. Bg5 h6 17. Bh4 cxd4 18. cxd4 Bxc4 19. Ne5 Bxd3 20. Qxd3 Rxc1 21. Rxc1 d6 22. Ng4 Qe7 23. Qg6 Kh8 24. Nxf6 gxf6 25. Qxh6+ Kg8 26. Rc3 Rf7 27. Rg3+ 1-0

[Event "1st FIDE OWCCCC Pools-East 2021"]
[Site "Online"]
[Date "2021.02.20"]
[Round "5.14"]
[White "Zawadzka, Jolanta"]
[Black "Todorovic, Bojan"]
[Result "1-0"]
[WhiteElo "2399"]
[BlackElo "2280"]
[Annotator "TA"]
[PlyCount "99"]
[EventDate "2021.02.19"]
[EventType "team-tourn"]
[EventCountry "NET"]
[SourceTitle "playchess.com"]
[Source "ChessBase"]
[SourceQuality "1"]

1. e4 e5 2. Nf3 Nc6 3. d4 exd4 4. Nxd4 Bb4+ 5. c3 Be7 6. Be3 Nf6 7. Bd3 d5 8. Nxc6 bxc6 9. e5 Ng4 10. Bf4 Bg5 11. Bg3 Bh4 12. Qe2 Bxg3 13. hxg3 Qe7 14. f4 Rb8 15. Na3 Nh6 16. b4 a5 17. Nc2 axb4 18. cxb4 Bf5 19. O-O O-O 20. a3 c5 21. Rac1 c4 22. Bxf5 Nxf5 23. Qf3 c5 24. g4 Nd4 25. Nxd4 cxd4 26. Qxd5 d3 27. Qxc4 Qa7+ 28. Kh2 Qxa3 29. Rc3 Qb2 30. Rb3 Qe2 31. Rf3 Qe1 32. Qxd3 Rfd8 33. Qe3 Qh4+ 34. Rh3 Qxg4 35. b5 Qe6 36. b6 Rb7 37. Qe4 Rxb6 38. Qxh7+ Kf8 39. Rxb6 Qxb6 40. Qh8+ Ke7 41. Qxg7 Qg6 42. Qxg6 fxg6 43. Kg3 Rd2 44. Rh7+ Ke6 45. Rg7 Kf5 46. Rf7+ Ke4 47. e6 Rd6 48. Rf6 g5 49. fxg5 Ke5 50. e7 1-0

[Event "1st FIDE OWCCCC Pools-East 2021"]
[Site "Online"]
[Date "2021.02.20"]
[Round "5.14"]
[White "Grishin, Alexander"]
[Black "Faizrakhmanov, Nijaz"]
[Result "0-1"]
[WhiteElo "2186"]
[BlackElo "1646"]
[Annotator "TA"]
[PlyCount "108"]
[EventDate "2021.02.19"]
[EventType "team-tourn"]
[EventCountry "NET"]
[SourceTitle "playchess.com"]
[Source "ChessBase"]
[SourceQuality "1"]

1. d4 c6 2. Nf3 Nf6 3. c4 d5 4. Nc3 e6 5. Bg5 h6 6. Bxf6 Qxf6 7. e3 Nd7 8. Qc2 g6 9. Bd3 Bg7 10. O-O O-O 11. Rac1 dxc4 12. Bxc4 e5 13. d5 Nb6 14. Ne4 Qe7 15. dxc6 Nxc4 16. Qxc4 Be6 17. Qc5 Qc7 18. b3 bxc6 19. Rfd1 Rfd8 20. h3 a5 21. Rxd8+ Qxd8 22. Nxe5 Qd5 23. Nxc6 Qxe4 24. Nxa5 Qe5 25. Qxe5 Bxe5 26. Nc6 Bb2 27. Rc2 Rxa2 28. b4 Ra1+ 29. Kh2 Rb1 30. Kg3 Bf6 31. e4 Rb3+ 32. f3 Bd7 33. e5 Bxc6 34. exf6 Bd7 35. Rc7 Be6 36. Rb7 g5 37. h4 Kh7 38. hxg5 hxg5 39. b5 Kg6 40. Rb8 Kxf6 41. b6 g4 42. Kf4 gxf3 43. gxf3 Bd5 44. Kg4 Bxf3+ 45. Kf4 Bd5 46. Kg4 Rb4+ 47. Kg3 Ke5 48. Kf2 f5 49. Ke3 Rb3+ 50. Kd2 Be4 51. Ke2 Kf4 52. Kd2 Kf3 53. Ke1 Ke3 54. Kf1 Rb1# 0-1

[Event "1st FIDE OWCCCC Pools-East 2021"]
[Site "Online"]
[Date "2021.02.20"]
[Round "5.14"]
[White "Blodig, Constantin"]
[Black "Lautier, Joel"]
[Result "0-1"]
[WhiteElo "2105"]
[BlackElo "2658"]
[Annotator "TA"]
[PlyCount "72"]
[EventDate "2021.02.19"]
[EventType "team-tourn"]
[EventCountry "NET"]
[SourceTitle "playchess.com"]
[Source "ChessBase"]
[SourceQuality "1"]

1. e4 c5 2. Nc3 Nc6 3. g3 g6 4. Bg2 Bg7 5. d3 d6 6. f4 e5 7. Nh3 Nge7 8. O-O Nd4 9. Be3 h6 10. Qd2 Be6 11. Rf2 Qd7 12. f5 gxf5 13. exf5 Bxf5 14. Rxf5 Nexf5 15. Rf1 Nxc2 16. Bf2 Ncd4 17. Ne4 Ne6 18. b4 Rc8 19. bxc5 dxc5 20. g4 Nfd4 21. g5 hxg5 22. Be3 g4 23. Nhg5 Nxg5 24. Bxg5 Nf3+ 25. Bxf3 gxf3 26. Rxf3 Rc6 27. Bf6 Bxf6 28. Rxf6 Qg4+ 29. Kh1 Rg8 30. Rf1 f5 31. Ng3 f4 32. Ne4 Rh6 33. Qc2 b6 34. Qa4+ Kd8 35. Qc2 f3 36. Qf2 Qg2+ 0-1

[Event "1st FIDE OWCCCC Pools-East 2021"]
[Site "Online"]
[Date "2021.02.20"]
[Round "5.14"]
[White "Sharma, Dinesh Kumar"]
[Black "Faron, Rafal"]
[Result "1-0"]
[WhiteElo "1965"]
[BlackElo "2168"]
[Annotator "NA"]
[PlyCount "95"]
[EventDate "2021.02.19"]
[EventType "team-tourn"]
[EventCountry "NET"]
[SourceTitle "playchess.com"]
[Source "ChessBase"]
[SourceQuality "1"]

1. Nf3 d5 2. d4 Nf6 3. e3 g6 4. c4 Bg7 5. Nc3 O-O 6. h3 c5 7. dxc5 Qa5 8. Be2 dxc4 9. Qa4 Qxc5 10. Qxc4 Qxc4 11. Bxc4 Nc6 12. O-O Bf5 13. Rd1 Rfd8 14. Bd2 Na5 15. Be2 Bc2 16. Rdc1 Bd3 17. Bxd3 Rxd3 18. Be1 Rad8 19. Kf1 Nc4 20. Rab1 Nb6 21. Ke2 e6 22. Nd4 R3xd4 23. exd4 Rxd4 24. Rd1 Rc4 25. Rd8+ Bf8 26. Bd2 Kg7 27. Bh6+ Kxh6 28. Rxf8 Kg7 29. Rb8 Nfd5 30. Nxd5 Nxd5 31. Rxb7 Nf4+ 32. Kf1 a5 33. Rd1 Nd5 34. g3 Rc2 35. a3 h5 36. Re1 h4 37. Rxe6 hxg3 38. fxg3 Rh2 39. Re5 Nf6 40. Ree7 Nh5 41. Rxf7+ Kh6 42. g4 Ng3+ 43. Kg1 Rc2 44. Rf2 Rc1+ 45. Kg2 Ne4 46. Re2 Ng5 47. h4 Nh7 48. g5+ 1-0

[Event "1st FIDE OWCCCC Pools-East 2021"]
[Site "Online"]
[Date "2021.02.20"]
[Round "5.14"]
[White "Langvik, Ulrikke"]
[Black "Kulovana, Eva"]
[Result "0-1"]
[WhiteElo "1542"]
[BlackElo "2141"]
[Annotator "NA"]
[PlyCount "68"]
[EventDate "2021.02.19"]
[EventType "team-tourn"]
[EventCountry "NET"]
[SourceTitle "playchess.com"]
[Source "ChessBase"]
[SourceQuality "1"]

1. d4 d5 2. c4 c6 3. e3 Nf6 4. Nc3 a6 5. a4 Bf5 6. Nf3 e6 7. Bd3 Bxd3 8. Qxd3 a5 9. c5 Na6 10. O-O Be7 11. Bd2 O-O 12. Ne5 Nd7 13. f4 f6 14. Nf3 e5 15. fxe5 fxe5 16. Qe2 Bf6 17. Na2 Re8 18. Bc3 exd4 19. Bxd4 Naxc5 20. Qc2 Ne4 21. Nc3 Bxd4 22. exd4 Ndf6 23. Rae1 Qb6 24. Kh1 Rad8 25. Rd1 Ng4 26. Nxe4 dxe4 27. Qc4+ Rd5 28. Ng5 Ne3 29. Qc1 Nxd1 30. Rxd1 h6 31. Nh3 Rxd4 32. Rf1 e3 33. Re1 e2 34. Ng1 Qd8 0-1

[Event "1st FIDE OWCCCC Pools-East 2021"]
[Site "Online"]
[Date "2021.02.20"]
[Round "5.15"]
[White "Yuzhakov, Oleg"]
[Black "Stangl, Anita"]
[Result "1-0"]
[WhiteElo "2321"]
[BlackElo "2005"]
[Annotator "NA"]
[PlyCount "61"]
[EventDate "2021.02.19"]
[EventType "team-tourn"]
[EventCountry "NET"]
[SourceTitle "playchess.com"]
[Source "ChessBase"]
[SourceQuality "1"]

1. e4 e6 2. Nc3 d5 3. Nf3 Nf6 4. e5 Nfd7 5. d4 c5 6. dxc5 Nc6 7. Bf4 Bxc5 8. Bd3 Bb4 9. O-O Bxc3 10. bxc3 Qa5 11. c4 Qa4 12. cxd5 Qxf4 13. dxc6 bxc6 14. Re1 Nc5 15. g3 Qg4 16. Rb1 O-O 17. a3 a5 18. h3 Qxh3 19. Ng5 Qh6 20. Bxh7+ Kh8 21. Qd6 Nd7 22. Qe7 f6 23. Nxe6 Ba6 24. Qxd7 Bc8 25. Qxc6 Bxe6 26. Qxe6 Kxh7 27. Kg2 Kg6 28. f4 Rfe8 29. Qg4+ Kf7 30. Rh1 Qg6 31. Rb7+ 1-0

[Event "1st FIDE OWCCCC Pools-East 2021"]
[Site "Online"]
[Date "2021.02.20"]
[Round "5.15"]
[White "GMaster"]
[Black "Sriram, Jha"]
[Result "1-0"]
[WhiteElo "2283"]
[BlackElo "2379"]
[Annotator "NA"]
[PlyCount "95"]
[EventDate "2021.02.19"]
[EventType "team-tourn"]
[EventCountry "NET"]
[SourceTitle "playchess.com"]
[Source "ChessBase"]
[SourceQuality "1"]

1. e4 e5 2. Nf3 Nc6 3. d4 exd4 4. Bc4 Nf6 5. e5 d5 6. Bb5 Ne4 7. Nxd4 Bd7 8. Bxc6 bxc6 9. O-O Bc5 10. f3 Ng5 11. f4 Ne4 12. Be3 Bb6 13. Nd2 Nxd2 14. Qxd2 c5 15. Nf3 d4 16. Bf2 Bc6 17. Bh4 Qd5 18. f5 Kd7 19. e6+ fxe6 20. fxe6+ Kc8 21. Rae1 Kb7 22. Re5 Qd6 23. Rfe1 h6 24. Bg3 Qe7 25. c4 g5 26. Qd3 Rhf8 27. Nd2 h5 28. h3 a5 29. Ne4 g4 30. h4 Rae8 31. Rxh5 Ka7 32. Re5 Bb7 33. a3 Ba6 34. b3 Bc8 35. b4 c6 36. bxc5 Bc7 37. Nd6 Rd8 38. Qxd4 Ka6 39. Qc3 Rf6 40. Nxc8 Rxc8 41. R5e2 Qxc5+ 42. Kh2 Rh6 43. Bxc7 Rxc7 44. g3 Re7 45. Qe3 Qh5 46. Rb1 c5 47. Qb3 Rhxe6 48. Rxe6+ 1-0

[Event "1st FIDE OWCCCC Pools-East 2021"]
[Site "Online"]
[Date "2021.02.20"]
[Round "5.15"]
[White "Zigo, Viktor"]
[Black "Solemdal, Audun Lonset"]
[Result "1/2-1/2"]
[WhiteElo "2214"]
[BlackElo "2003"]
[Annotator "NA"]
[PlyCount "64"]
[EventDate "2021.02.19"]
[EventType "team-tourn"]
[EventCountry "NET"]
[SourceTitle "playchess.com"]
[Source "ChessBase"]
[SourceQuality "1"]

1. e4 e5 2. Nf3 Nc6 3. Bb5 Nf6 4. d3 Bc5 5. c3 d6 6. h3 h6 7. Be3 Bxe3 8. fxe3 O-O 9. Nbd2 Bd7 10. O-O Qc8 11. Qe2 a6 12. Bc4 b5 13. Bb3 Be6 14. Nh4 Ne7 15. Rf2 Bxb3 16. axb3 Qe6 17. Raf1 Nh7 18. Qh5 Ng5 19. Nf5 Nxf5 20. exf5 Qd5 21. f6 Qxd3 22. fxg7 Kxg7 23. Rf6 Qxe3+ 24. Kh1 Nxh3 25. gxh3 Qxd2 26. Rxf7+ Rxf7 27. Rxf7+ Kh8 28. Qg6 Qe1+ 29. Kh2 Qe2+ 30. Kh1 Qe1+ 31. Kh2 Qe2+ 32. Kh1 Qe1+ 1/2-1/2

[Event "1st FIDE OWCCCC Pools-East 2021"]
[Site "Online"]
[Date "2021.02.20"]
[Round "5.15"]
[White "Dudarev, Nikolai"]
[Black "Pinto, Andre Jorge P A Nuno"]
[Result "1-0"]
[WhiteElo "2169"]
[BlackElo "1534"]
[Annotator "NA"]
[PlyCount "43"]
[EventDate "2021.02.19"]
[EventType "team-tourn"]
[EventCountry "NET"]
[SourceTitle "playchess.com"]
[Source "ChessBase"]
[SourceQuality "1"]

1. e4 c5 2. Nc3 Nc6 3. g3 g6 4. Bg2 Bg7 5. d3 d6 6. Nge2 Nf6 7. O-O O-O 8. f4 Bd7 9. h3 Rb8 10. g4 b5 11. Ng3 b4 12. Nce2 a5 13. f5 a4 14. Rb1 Qa5 15. Nf4 a3 16. b3 Nd4 17. g5 Ne8 18. Nd5 Qd8 19. f6 exf6 20. gxf6 Bxf6 21. Nxf6+ Nxf6 22. Bg5 1-0

[Event "1st FIDE OWCCCC Pools-East 2021"]
[Site "Online"]
[Date "2021.02.20"]
[Round "5.15"]
[White "Mitic, Milan"]
[Black "Miroslaw, Michal"]
[Result "1-0"]
[WhiteElo "1993"]
[BlackElo "2269"]
[Annotator "NA"]
[PlyCount "63"]
[EventDate "2021.02.19"]
[EventType "team-tourn"]
[EventCountry "NET"]
[SourceTitle "playchess.com"]
[Source "ChessBase"]
[SourceQuality "1"]

1. e4 c6 2. d4 d5 3. Nc3 dxe4 4. Nxe4 Bf5 5. Ng3 Bg6 6. h4 h6 7. h5 Bh7 8. Nf3 Nd7 9. Bd3 Bxd3 10. Qxd3 e6 11. Bd2 Qc7 12. c4 Ngf6 13. Bc3 O-O-O 14. O-O-O Bd6 15. Ne4 Rhe8 16. Kb1 Bf8 17. Nxf6 Nxf6 18. Ne5 c5 19. Qe2 Kb8 20. Rd2 cxd4 21. Bxd4 Bb4 22. Rd3 Ka8 23. Rhd1 Rc8 24. Qe3 Red8 25. Bxa7 Rxd3 26. Nxd3 Ng4 27. Qb6 Qxc4 28. Nxb4 Qe2 29. Rg1 Qe4+ 30. Ka1 Qxg2 31. Rb1 Qe4 32. Qa5 1-0

[Event "1st FIDE OWCCCC Pools-East 2021"]
[Site "Online"]
[Date "2021.02.20"]
[Round "5.16"]
[White "Kiran, Manisha Mohanty"]
[Black "Walkusz, Malgorzata"]
[Result "1-0"]
[WhiteElo "2168"]
[BlackElo "1905"]
[Annotator "NA"]
[PlyCount "77"]
[EventDate "2021.02.19"]
[EventType "team-tourn"]
[EventCountry "NET"]
[SourceTitle "playchess.com"]
[Source "ChessBase"]
[SourceQuality "1"]

1. e4 Nf6 2. e5 Nd5 3. d4 d6 4. c4 Nb6 5. exd6 exd6 6. Nc3 Nc6 7. h3 Be7 8. Nf3 O-O 9. Be2 Re8 10. O-O Bf5 11. d5 Ne5 12. Nd4 Qd7 13. g4 Bg6 14. f4 Nexc4 15. f5 Bh4 16. fxg6 hxg6 17. Bd3 Ne3 18. Bxe3 Rxe3 19. Nf3 Bf6 20. Qd2 Rae8 21. Rae1 Bxc3 22. bxc3 Rxe1 23. Rxe1 Rxe1+ 24. Qxe1 Nxd5 25. c4 Nf4 26. Bf1 Qc6 27. Qe3 Ne6 28. Ng5 Nxg5 29. Qxg5 Qf3 30. Bg2 Qd1+ 31. Kh2 Qc2 32. Qd8+ Kh7 33. Qxc7 Qxa2 34. Qxf7 b5 35. Kg3 bxc4 36. Bd5 Qa3+ 37. Kh4 c3 38. Qg8+ Kh6 39. Qh8# 1-0

[Event "1st FIDE OWCCCC Pools-East 2021"]
[Site "Online"]
[Date "2021.02.20"]
[Round "5.16"]
[White "Spruenken, Dirk"]
[Black "Gumerova, Aisily"]
[Result "1-0"]
[WhiteElo "1941"]
[BlackElo "1335"]
[Annotator "NA"]
[PlyCount "121"]
[EventDate "2021.02.19"]
[EventType "team-tourn"]
[EventCountry "NET"]
[SourceTitle "playchess.com"]
[Source "ChessBase"]
[SourceQuality "1"]

1. Nf3 e6 2. c4 c5 3. g3 d6 4. Bg2 Nc6 5. O-O e5 6. d3 h6 7. b3 Nf6 8. Bb2 Be7 9. Nc3 a6 10. e4 Be6 11. Nd5 Bxd5 12. cxd5 Nd4 13. Nxd4 cxd4 14. Qd2 O-O 15. Rac1 Rc8 16. Rxc8 Qxc8 17. Rc1 Qd7 18. h3 Nh7 19. Kh2 Bg5 20. f4 Be7 21. Qc2 Qb5 22. Qc4 Qe8 23. Qc7 f5 24. exf5 Rxf5 25. Be4 Rf7 26. Bg6 exf4 27. gxf4 Qf8 28. Bxf7+ Qxf7 29. Qc8+ Nf8 30. Qg4 Bf6 31. Qf5 g6 32. Qe4 Kh7 33. Bxd4 Bxd4 34. Qxd4 h5 35. Rc8 Qe7 36. Qe4 Qf6 37. Rc7+ Kh6 38. d4 h4 39. f5 Qg5 40. Qf3 gxf5 41. Rc2 Ng6 42. Rg2 Qf6 43. Qe3+ f4 44. Qe6 Qxe6 45. dxe6 Kg7 46. Rxg6+ Kxg6 47. d5 Kf6 48. Kg2 Ke7 49. Kf3 b5 50. b4 Kf6 51. Kxf4 Ke7 52. Kg5 a5 53. bxa5 b4 54. a6 Kd8 55. a7 Kc7 56. a8=Q b3 57. Qc6+ Kb8 58. axb3 Ka7 59. Qb5 Ka8 60. e7 Ka7 61. Kxh4 1-0